=LDR 00000nam 2200000 4500 =001 001141 =005 20250714090418 =035 ##$$a 0010-0725001025 =007 ta =008 250714################a##########0#ind## =020 ##$$a 978-602-244-273-8 =082 ##$$a 398.209 598 =084 ##$$a 398.209 598 AST b =100 #$$a Astri riyadi =245 1#$$a Benda benda berta /$c Astri riyadi =250 ##$$a Cetakan pertama =260 ##$$a Jakarta pusat :$b Badan pengembangan dan pembinaan bahasa,$c 2019 =300 ##$$a 40hlm. : $b Ilus. ; $c 25cm =650 #4$$a Cerita anak-indonesia